[Event "7th European Individual Senior Champion."]
[Site "Hockenheim, Germany"]
[Date "2007.06.04"]
[Round "3.63"]
[White "Egger, Herbert"]
[Black "Gousseinov, Aguif"]
[Result "0-1"]
[WhiteElo "1834"]
[BlackElo "2049"]
[PlyCount "98"]
[EventDate "2007.??.??"]

1. e4 e5 2. Nf3 Nf6 3. Nc3 Nc6 4. Bb5 Nd4 5. d3 Nxb5 6. Nxb5 c6 7. Nc3 d6 8. h3
Be7 9. O-O O-O 10. Bg5 h6 11. Bxf6 Bxf6 12. Ne2 Be6 13. c4 g6 14. b3 Bg7 15. d4
Qf6 16. dxe5 dxe5 17. Nc3 g5 18. Nh2 Qf4 19. Qf3 f5 20. Qe3 Qh4 21. f3 b6 22.
Qf2 Qh5 23. Qe2 Rad8 24. Rad1 Qg6 25. Rxd8 Rxd8 26. Rd1 Rd4 27. Rxd4 exd4 28.
exf5 Bxf5 29. Ne4 Be5 30. g4 Bxe4 31. fxe4 Qd6 32. Nf3 d3 33. Qf2 Bc3 34. e5
Qd7 35. Qf1 d2 36. Qd1 Qd3 37. Kg2 Kf7 38. Kf2 Ke6 39. Kg2 Qe3 40. Kf1 Bd4 41.
Nxd4+ Qxd4 42. Ke2 Kxe5 43. Qf1 d1=Q+ 44. Qxd1 Qxd1+ 45. Kxd1 Kf4 46. Ke2 Kg3
47. Ke3 Kxh3 48. Kf3 a5 49. a4 c5 0-1

[Event "7th European Individual Senior Champion."]
[Site "Hockenheim, Germany"]
[Date "2007.06.04"]
[Round "3.64"]
[White "Eidelmann, Vova"]
[Black "Paulsen, Eckart"]
[Result "0-1"]
[WhiteElo "2047"]
[BlackElo "1833"]
[PlyCount "66"]
[EventDate "2007.??.??"]

1. d4 d5 2. Nf3 c6 3. e3 Nf6 4. Bd3 e6 5. Nbd2 Bd6 6. b3 Nbd7 7. Bb2 O-O 8. O-O
Re8 9. c4 e5 10. dxe5 Nxe5 11. Nxe5 Bxe5 12. Rb1 Bxh2+ 13. Kxh2 Ng4+ 14. Kg1
Qh4 15. Nf3 Qh6 16. Qc2 Be6 17. Bf5 dxc4 18. bxc4 Rad8 19. Rfd1 Nxe3 20. fxe3
Qxe3+ 21. Kh1 Qh6+ 22. Nh2 Bxf5 23. Rxd8 Rxd8 24. Qxf5 Qd2 25. Rf1 f6 26. Qf2
Qb4 27. Bc1 Qxc4 28. Qxa7 Qc2 29. Qxb7 Rd1 30. Qb3+ Qxb3 31. axb3 Rd3 32. b4
Kf7 33. Nf3 Ke6 {rest der partie unleserlich} 0-1

[Event "7th European Individual Senior Champion."]
[Site "Hockenheim, Germany"]
[Date "2007.06.04"]
[Round "3.65"]
[White "Blagonadezhnaya, Ideya"]
[Black "Bue, Gunnar"]
[Result "1/2-1/2"]
[WhiteElo "2017"]
[BlackElo "1813"]
[PlyCount "63"]
[EventDate "2007.??.??"]

1. e4 c5 2. g3 Nc6 3. Bg2 e5 4. Ne2 g6 5. d3 Bg7 6. Be3 Nge7 7. Qd2 O-O 8. Bxc5
d6 9. Be3 a6 10. O-O Be6 11. c3 Qd7 12. Na3 b5 13. Nc2 Bh3 14. Bh6 Bxg2 15.
Kxg2 f5 16. Bxg7 Kxg7 17. f4 d5 18. Rad1 Rad8 19. Qe3 d4 20. cxd4 exd4 21. Qf3
fxe4 22. Qxe4 Nf5 23. Qf3 Ne5 24. fxe5 Ne3+ 25. Nxe3 Rxf3 26. Rxf3 dxe3 27.
Rxe3 Qd5+ 28. Kg1 Qxa2 29. Nf4 Re8 30. Rd2 Qa5 31. Rde2 Qb6 32. Kg2 1/2-1/2

[Event "7th European Individual Senior Champion."]
[Site "Hockenheim, Germany"]
[Date "2007.06.04"]
[Round "3.66"]
[White "Ovesen, Karsten"]
[Black "Lein, Marina"]
[Result "1/2-1/2"]
[WhiteElo "1428"]
[BlackElo "2017"]
[PlyCount "66"]
[EventDate "2007.??.??"]

1. d4 Nf6 2. Nf3 d5 3. Bg5 Ne4 4. Bh4 h6 5. Nbd2 Bf5 6. Nxe4 Bxe4 7. e3 c5 8.
c3 c4 9. Nd2 Bh7 10. e4 g5 11. Bg3 e6 12. Be5 Rg8 13. exd5 exd5 14. Be2 Nc6 15.
Bg3 Bd6 16. O-O Qc7 17. Bg4 f5 18. Re1+ Ne7 19. Bh5+ Kf8 20. Bxd6 Qxd6 21. Qe2
Bg6 22. Bxg6 Rxg6 23. Nf3 Nc6 24. Qc2 Qf4 25. Ne5 Nxe5 26. Rxe5 Rf6 27. Rae1
Rd8 28. R1e3 g4 29. Qa4 Kg7 30. Qxa7 Rf7 31. Qc5 h5 32. Re7 Qd6 33. Qxd6 Rxd6
1/2-1/2

[Event "7th European Individual Senior Champion."]
[Site "Hockenheim, Germany"]
[Date "2007.06.04"]
[Round "3.67"]
[White "Kalkmann, Hans"]
[Black "Bartle, Georg"]
[Result "1-0"]
[WhiteElo "2004"]
[BlackElo "1724"]
[PlyCount "159"]
[EventDate "2007.??.??"]

1. Nf3 f5 2. d4 Nf6 3. g3 g6 4. Bg2 Bg7 5. O-O O-O 6. c3 Na6 7. Bg5 d6 8. Nbd2
h6 9. Bxf6 exf6 10. e3 Kh7 11. b4 c6 12. a4 Nc7 13. Nb3 Qe8 14. Nfd2 d5 15. a5
Nb5 16. Qc2 Qf7 17. Nc5 Nd6 18. Qa4 a6 19. Qc2 Re8 20. Rac1 Ne4 21. Na4 Be6 22.
Nb3 Bf8 23. Rfe1 Re7 24. Nbc5 Nd6 25. Nxe6 Rxe6 26. Nc5 Re7 27. h4 Kh8 28. Bh3
Qh7 29. Qe2 Rae8 30. Qf3 h5 31. Bf1 g5 32. Nd3 Rg7 33. Kh1 Be7 34. Be2 gxh4 35.
gxh4 Rg4 36. Qh3 Reg8 37. Nf4 Ne4 38. Qh2 Bd6 39. Bxg4 Rxg4 40. Rg1 Nd2 41.
Rxg4 hxg4 42. Kg2 Nf3 43. Ng6+ Qxg6 44. Qxd6 Qf7 45. Rh1 Nd2 46. h5 Kh7 47. Qf4
Qd7 48. Rc1 Kg7 49. Rc2 Nc4 50. f3 Nd6 51. Kg1 Nf7 52. Rg2 Nh6 53. Kf2 Kh7 54.
Ke2 Qf7 55. Kd3 Kg7 56. fxg4 fxg4 57. Rf2 f5 58. Qg5+ Kh7 59. Rf4 Qe6 60. Kd2
Qg8 61. Rxf5 Nxf5 62. Qxf5+ Kh8 63. Ke2 g3 64. Qg6 Qxg6 65. hxg6 Kg7 66. Kf3
Kxg6 67. Kxg3 Kg5 68. Kg2 Kf6 69. Kf2 Kg6 70. Ke2 Kg5 71. Kd3 Kf5 72. c4 Ke6
73. cxd5+ cxd5 74. e4 Kd6 75. e5+ Kc6 76. Kc3 Kb5 77. Kb3 Kc6 78. Ka4 Kd7 79.
b5 Kc7 80. Kb4 1-0

[Event "7th European Individual Senior Champion."]
[Site "Hockenheim, Germany"]
[Date "2007.06.04"]
[Round "3.68"]
[White "Pfister, Valentina-Rodina"]
[Black "De Laubadere, Philippe"]
[Result "0-1"]
[WhiteElo "1566"]
[BlackElo "2003"]
[PlyCount "56"]
[EventDate "2007.??.??"]

1. e4 d6 2. Nf3 Nf6 3. Nc3 g6 4. d4 Bg7 5. Be3 O-O 6. h3 c6 7. Bd3 b5 8. Qd2
Qc7 9. O-O Nbd7 10. Bh6 b4 11. Ne2 c5 12. Bxg7 Kxg7 13. c3 a5 14. b3 Ba6 15. c4
cxd4 16. Nexd4 Nc5 17. Ng5 h6 18. Ngf3 Nfxe4 19. Qe3 Nf6 20. Rfe1 e5 21. Nb5
Bxb5 22. cxb5 e4 23. Bc4 exf3 24. Qxf3 Rae8 25. Rxe8 Rxe8 26. a4 Qb7 27. Qd1 d5
28. Be2 Nxb3 0-1

[Event "7th European Individual Senior Champion."]
[Site "Hockenheim, Germany"]
[Date "2007.06.04"]
[Round "3.69"]
[White "Ellinger, Hans Dr"]
[Black "Rieger, Helmut"]
[Result "1-0"]
[WhiteElo "2115"]
[BlackElo "1660"]
[PlyCount "35"]
[EventDate "2007.??.??"]

1. d4 d5 2. Nf3 Nf6 3. Bg5 e6 4. Nbd2 Be7 5. e3 O-O 6. Bd3 Nbd7 7. Ne5 h6 8.
Bf4 Bd6 9. c3 b6 10. h4 Bb7 11. g4 Ne4 12. g5 g6 13. Bxe4 dxe4 14. h5 Bxe5 15.
dxe5 hxg5 16. Qg4 f5 17. Qg3 g4 18. hxg6 1-0

[Event "7th European Individual Senior Champion."]
[Site "Hockenheim, Germany"]
[Date "2007.06.04"]
[Round "3.70"]
[White "Kuhn, Arno"]
[Black "Niebling, Ferdinand"]
[Result "0-1"]
[WhiteElo "1863"]
[BlackElo "2226"]
[PlyCount "84"]
[EventDate "2007.??.??"]

1. d4 Nf6 2. c4 e6 3. Nf3 d5 4. e3 c5 5. cxd5 exd5 6. Bd3 Bd6 7. Nc3 O-O 8. O-O
Re8 9. Re1 Bg4 10. Be2 Nbd7 11. h3 Bh5 12. Nh2 Bxe2 13. Qxe2 Nf8 14. Bd2 Ng6
15. Nf3 Bc7 16. Qd3 Ne4 17. Rad1 Qd6 18. a3 Re6 19. Ne2 a5 20. Nf4 Rf6 21. g3
Re8 22. Kg2 Qd7 23. Rh1 Qf5 24. g4 Qd7 25. Nh5 Rfe6 26. Nf4 Nxf4+ 27. exf4 Nxd2
28. Qxd2 Re2 29. Qc1 Qd6 30. Rhe1 Qxf4 31. Qxf4 Bxf4 32. Rxe2 Rxe2 33. Re1 Re4
34. Rxe4 dxe4 35. Ng1 Bc1 36. b4 a4 37. f3 Bxa3 38. fxe4 Bb2 39. d5 a3 40. d6
a2 41. d7 Bf6 42. e5 Bd8 0-1

[Event "7th European Individual Senior Champion."]
[Site "Hockenheim, Germany"]
[Date "2007.06.04"]
[Round "3.71"]
[White "Khazankin, Moisei"]
[Black "Bauer, Armin Dr"]
[Result "1-0"]
[WhiteElo "2112"]
[BlackElo "1902"]
[PlyCount "109"]
[EventDate "2007.??.??"]

1. e4 c5 2. Nf3 e6 3. d4 cxd4 4. Nxd4 Nf6 5. Nc3 d6 6. Bb5+ Nbd7 7. O-O Be7 8.
Kh1 O-O 9. f4 a6 10. Bxd7 Nxd7 11. Be3 Qc7 12. a4 b6 13. Rf3 Bb7 14. Rh3 Rfe8
15. f5 Bf6 16. Qh5 Nf8 17. fxe6 fxe6 18. Rf1 Qf7 19. Qxf7+ Kxf7 20. Bg5 Ke7 21.
Bxf6+ gxf6 22. Rh6 f5 23. exf5 e5 24. Ne6 Rac8 25. Nxf8 Rxf8 26. f6+ Ke6 27.
f7+ Ke7 28. Rxh7 Rc4 29. Kg1 b5 30. axb5 axb5 31. Ra1 Bc6 32. Ra7+ Kf6 33. Rh6+
Kg7 34. Rxd6 b4 35. Nd1 Rxc2 36. Ne3 Rc1+ 37. Kf2 Rxf7+ 38. Rxf7+ Kxf7 39. h4
b3 40. g4 Be4 41. h5 Ke7 42. Rd2 Rc2 43. Ke1 Rc1+ 44. Rd1 Rxd1+ 45. Nxd1 Kf6
46. Nf2 Bf3 47. Kd2 Bd5 48. Ke3 Kg5 49. Ne4+ Kh6 50. g5+ Kg7 51. Nf6 Bc6 52.
Ng4 Be8 53. h6+ Kg6 54. Nxe5+ Kh7 55. Kf4 1-0

[Event "7th European Individual Senior Champion."]
[Site "Hockenheim, Germany"]
[Date "2007.06.04"]
[Round "3.72"]
[White "Husser, Oskar"]
[Black "Mann, Guenter"]
[Result "1/2-1/2"]
[WhiteElo "2073"]
[BlackElo "1823"]
[PlyCount "32"]
[EventDate "2007.??.??"]

1. Nf3 c5 2. c4 Nc6 3. g3 e5 4. d3 d6 5. Bg2 f5 6. Nc3 Nf6 7. e3 Be7 8. O-O O-O
9. a3 Bd7 10. Bd2 a6 11. Ne2 Rb8 12. b4 b6 13. Qc2 Qe8 14. Rfb1 Na7 15. a4 Qh5
16. h3 g5 1/2-1/2

[Event "7th European Individual Senior Champion."]
[Site "Hockenheim, Germany"]
[Date "2007.06.04"]
[Round "3.73"]
[White "Born, Bernd-Ludger Dr"]
[Black "Wibe, Per H."]
[Result "1-0"]
[WhiteElo "2060"]
[BlackElo "1808"]
[PlyCount "121"]
[EventDate "2007.??.??"]

1. d4 Nf6 2. Nf3 g6 3. g3 Bg7 4. Bg2 O-O 5. O-O d6 6. c4 c5 7. Nc3 Nc6 8. d5
Na5 9. Nd2 Nd7 10. Qc2 Ne5 11. b3 f5 12. e3 h6 13. Bb2 g5 14. f4 Ng4 15. Nd1
Bxb2 16. Qxb2 b6 17. Nf3 Rb8 18. fxg5 hxg5 19. Nxg5 e5 20. h4 b5 21. cxb5 Rxb5
22. Qd2 Qe8 23. Bh3 Nh6 24. Nc3 Rb4 25. Rae1 Ng4 26. Rf3 Qh5 27. Ref1 Nb7 28.
Nd1 f4 29. exf4 Rd4 30. Qe1 e4 31. Rc3 Bf5 32. Ne3 Nxe3 33. Rxe3 Bxh3 34. Nxh3
Qg4 35. Ng5 Rxd5 36. Nxe4 Rh5 37. Kh2 d5 38. Ng5 Nd6 39. Qe2 Qxe2+ 40. Rxe2 Nf5
41. Re5 Rh6 42. Rc1 d4 43. Rcxc5 Nxh4 44. gxh4 Rxh4+ 45. Nh3 Rfxf4 46. Rg5+ Kf7
47. Rgf5+ Rxf5 48. Rxf5+ Ke6 49. Rf2 Ke5 50. Kg3 Re4 51. Ng1 Re3+ 52. Rf3 Ke4
53. Kf2 Rxf3+ 54. Nxf3 Kd3 55. Ke1 Kc3 56. Kd1 d3 57. Kc1 a5 58. Nd2 Kd4 59.
Kb2 Ke3 60. Kc3 Ke2 61. a3 1-0

[Event "7th European Individual Senior Champion."]
[Site "Hockenheim, Germany"]
[Date "2007.06.04"]
[Round "3.74"]
[White "Schwertel, Johann"]
[Black "Schuller, Erhard"]
[Result "1-0"]
[WhiteElo "1993"]
[BlackElo "1791"]
[PlyCount "66"]
[EventDate "2007.??.??"]

1. d4 Nf6 2. Nf3 e6 3. Bg5 Be7 4. e3 b6 5. Be2 Bb7 6. Nbd2 d5 7. O-O c5 8. Bb5+
Bc6 9. Be2 O-O 10. c3 Nbd7 11. Re1 Re8 12. Nf1 h6 13. Bh4 Qc7 14. Rc1 c4 15.
Bg3 Qd8 16. N3d2 b5 17. Bf3 Ne4 18. Nxe4 dxe4 19. Be2 Nf6 20. Qc2 Nh7 21. Nd2
f5 22. b3 cxb3 23. axb3 Bd6 24. c4 bxc4 25. bxc4 Bxg3 26. hxg3 Nf6 27. Ra1 a5
28. Nb3 h5 29. Nc5 a4 30. Rab1 a3 31. Rb3 Nd7 32. Nxd7 Qxd7 33. Qc3 Qe7 {
rest der partie unleserlich} 1-0

[Event "7th European Individual Senior Champion."]
[Site "Hockenheim, Germany"]
[Date "2007.06.04"]
[Round "3.75"]
[White "Straub, Hermann"]
[Black "Wanner, Georges"]
[Result "1-0"]
[WhiteElo "1993"]
[BlackElo "1770"]
[PlyCount "117"]
[EventDate "2007.??.??"]

1. f4 g6 2. Nf3 Bg7 3. e3 d6 4. Nc3 Nf6 5. Be2 c6 6. O-O b5 7. Qe1 b4 8. Nd1 a5
9. a3 Na6 10. Nd4 Qb6 11. axb4 axb4 12. Nf2 c5 13. Nf3 Nc7 14. Rxa8 Nxa8 15.
Kh1 Nc7 16. d3 O-O 17. e4 e6 18. Ng5 h6 19. Ngh3 Nh7 20. Nd1 Bb7 21. Qh4 f5 22.
Qg3 fxe4 23. Qxg6 Rf6 24. Qg3 exd3 25. Bxd3 Ba6 26. Ndf2 Bxd3 27. Qxd3 Qb5 28.
Ne4 Qxd3 29. Nxf6+ Nxf6 30. cxd3 b3 31. Nf2 d5 32. g3 Nb5 33. Kg2 Kf7 34. h3
Nd7 35. Ng4 Nd4 36. Ne5+ Nxe5 37. fxe5+ Kg6 38. Bf4 Nc2 39. g4 Nb4 40. Rd1 Nc6
41. Rc1 Bf8 42. Kf3 Nd4+ 43. Ke3 Nc2+ 44. Kd2 d4 45. Rxc2 bxc2 46. Kxc2 Be7 47.
Kb3 h5 48. Kc4 hxg4 49. hxg4 Kf7 50. Kb5 Kg6 51. b3 Kf7 52. Bc1 Kg6 53. Kc4 Kf7
54. Ba3 Kg6 55. Bxc5 Bxc5 56. Kxc5 Kg5 57. b4 Kxg4 58. b5 Kf4 59. Kxd4 1-0

[Event "7th European Individual Senior Champion."]
[Site "Hockenheim, Germany"]
[Date "2007.06.04"]
[Round "3.76"]
[White "Frantzke, Helmut"]
[Black "Ivanova, Marianna"]
[Result "1-0"]
[WhiteElo "1955"]
[BlackElo "1761"]
[PlyCount "99"]
[EventDate "2007.??.??"]

1. Nf3 e6 2. d3 g6 3. e4 d6 4. g3 Nf6 5. Bg2 Bg7 6. O-O O-O 7. c3 c6 8. Nbd2
Nbd7 9. Nc4 Qc7 10. Re1 b5 11. e5 bxc4 12. exf6 Bxf6 13. dxc4 Bg7 14. Bg5 Re8
15. Qd2 Ba6 16. b3 Nc5 17. Nd4 Bb7 18. Bh6 Bh8 19. f4 Nd7 20. Rac1 a5 21. a4
Nc5 22. Qc2 Qb6 23. Kh1 Nd7 24. Rb1 Bxd4 25. cxd4 Qxd4 26. Rbd1 Qc5 27. Qc3 e5
28. fxe5 Nxe5 29. Be3 Qb4 30. Qxb4 axb4 31. Rxd6 Ng4 32. Bd2 Rxe1+ 33. Bxe1 Re8
34. Bxb4 Re3 35. h3 Ne5 36. Rd8+ Kg7 37. Bf8+ Kf6 38. Rd6+ Kf5 39. g4+ Kf4 40.
Kh2 Nf3+ 41. Bxf3 Rxf3 42. Rf6+ Ke4 43. Rxf3 Kxf3 44. b4 Ke4 45. b5 cxb5 46.
cxb5 Kd5 47. a5 Kc4 48. a6 Ba8 49. b6 Kb5 50. b7 1-0

[Event "7th European Individual Senior Champion."]
[Site "Hockenheim, Germany"]
[Date "2007.06.04"]
[Round "3.77"]
[White "Zakharova, Lidiya"]
[Black "Yusym, Anatoly"]
[Result "1-0"]
[WhiteElo "1938"]
[BlackElo "1759"]
[PlyCount "102"]
[EventDate "2007.??.??"]

1. d4 f5 2. g3 Nf6 3. Bg2 d5 4. Nf3 c6 5. Nc3 g6 6. b3 Bg7 7. Bb2 Nbd7 8. e3
Ne4 9. O-O Qc7 10. Ne2 O-O 11. Nf4 Ndf6 12. Nd3 Nd7 13. Qe2 b5 14. Nf4 Nb6 15.
Nd3 a5 16. Nfe5 b4 17. Bxe4 Bxe5 18. Bxd5+ cxd5 19. Nxe5 Ba6 20. Nd3 a4 21.
Rac1 a3 22. Ba1 Qd6 23. Qd2 Bxd3 24. Qxd3 Rfc8 25. c3 Nd7 26. c4 Nf6 27. f3 Qa6
28. Qd2 Rab8 29. c5 Qb5 30. Rfd1 Rc6 31. Rc2 Nd7 32. Rcc1 Rbc8 33. Kf2 Kf7 34.
Qe2 Qa5 35. Qd3 Nf8 36. Kg2 Ne6 37. Rf1 Kg7 38. Rfe1 Ng5 39. Rf1 Re6 40. h4 Nf7
41. Rh1 h5 42. Rhf1 Qc7 43. Rfe1 Rf6 44. e4 fxe4 45. fxe4 Nh6 46. exd5 Nf5 47.
Rxe7+ Nxe7 48. d6 Qb7+ 49. d5 Nxd5 50. Bxf6+ Nxf6+ 51. Kg1 Nd5 {
Notation unleserlich, 1-0 (56)} 1-0

[Event "7th European Individual Senior Champion."]
[Site "Hockenheim, Germany"]
[Date "2007.06.04"]
[Round "3.78"]
[White "Luebbers, Doris Dr"]
[Black "Zachariassen, John"]
[Result "0-1"]
[WhiteElo "1668"]
[BlackElo "1933"]
[PlyCount "66"]
[EventDate "2007.??.??"]

1. d4 g6 2. Bf4 Bg7 3. e3 d6 4. h3 Nd7 5. Nf3 e6 6. Be2 Ne7 7. c3 O-O 8. O-O a5
9. a4 b6 10. Nbd2 Bb7 11. Rb1 h6 12. Qc2 f5 13. Bh2 Nf6 14. Ne1 g5 15. Bf3 d5
16. Nd3 Rc8 17. Ne5 c5 18. Qd1 Qe8 19. b3 h5 20. Rc1 g4 21. hxg4 hxg4 22. Be2
Kh7 23. Bf4 Ng6 24. f3 Nxf4 25. exf4 g3 26. Re1 Bh6 27. Nd3 Qh5 28. Nf1 Qh4 29.
Qd2 c4 30. bxc4 dxc4 31. Ne5 Bxf4 32. Qb2 Be3+ 33. Nxe3 Qh2+ 0-1

[Event "7th European Individual Senior Champion."]
[Site "Hockenheim, Germany"]
[Date "2007.06.04"]
[Round "3.79"]
[White "Gonzalo Gonzalez, Francisco"]
[Black "Thonig, Manfred"]
[Result "1-0"]
[WhiteElo "1914"]
[BlackElo "1755"]
[PlyCount "88"]
[EventDate "2007.??.??"]

1. e4 g6 2. Nf3 Bg7 3. d4 c6 4. Bc4 d5 5. exd5 cxd5 6. Bb3 Bg4 7. h3 Bxf3 8.
Qxf3 e6 9. Be3 Qb6 10. c3 Qb5 11. Nd2 Ne7 12. Qd1 Nbc6 13. Ba4 Qa6 14. b4 b5
15. Bb3 O-O 16. a4 Nf5 17. O-O Rad8 18. Qe2 Nxe3 19. fxe3 Rb8 20. Nf3 f6 21.
Bc2 Qb7 22. axb5 Qxb5 23. Bd3 Qb7 24. Ra6 e5 25. Qa2 Rfd8 26. Be2 e4 27. Nh2 f5
28. b5 Ne7 29. Rxa7 Ra8 30. b6 Rxa7 31. bxa7 Ra8 32. Ra1 Bh6 33. Nf1 Nc8 34.
Ba6 Qc6 35. Bxc8 f4 36. Bg4 fxe3 37. Bd1 e2 38. Bxe2 e3 39. Bf3 Qxc3 40. Bxd5+
Kh8 41. Bxa8 Qxd4 42. Kh1 Bf8 43. Rb1 e2 44. Qxe2 Bc5 1-0

[Event "7th European Individual Senior Champion."]
[Site "Hockenheim, Germany"]
[Date "2007.06.05"]
[Round "4.1"]
[White "Farago, Ivan"]
[Black "Khanukov, Boris"]
[Result "1/2-1/2"]
[WhiteElo "2501"]
[BlackElo "2358"]
[PlyCount "97"]
[EventDate "2007.??.??"]

1. d4 Nf6 2. c4 e6 3. Nf3 b6 4. g3 Ba6 5. Qb3 Be7 6. Bg2 c6 7. Bf4 O-O 8. Nbd2
Nh5 9. Be3 d5 10. Ne5 b5 11. cxd5 cxd5 12. O-O b4 13. Bf3 Nf6 14. Rfc1 Nfd7 15.
Bf4 Nxe5 16. Bxe5 Bd6 17. e4 Bxe5 18. dxe5 Nd7 19. Qa4 Bd3 20. exd5 Nxe5 21.
Bg2 exd5 22. Qxb4 Bg6 23. Qd4 Qf6 24. Rc5 Rad8 25. b3 h5 26. Rf1 Rd7 27. h3 Bf5
28. f4 Nd3 29. Qxf6 gxf6 30. Ra5 Rfd8 31. Nf3 Be4 32. Nd4 Rc8 33. h4 Rc3 34.
Bf3 Nb4 35. Ra4 Nc2 36. Nxc2 Rxc2 37. Rf2 Rc1+ 38. Kg2 f5 39. Rd2 Rcc7 40. Kf2
Bxf3 41. Kxf3 Rc3+ 42. Kf2 Re7 43. Ra5 Ree3 44. Raxd5 Rf3+ 45. Ke2 Rxg3 46.
Rxf5 Rg2+ 47. Kd1 Rg1+ 48. Ke2 1/2-1/2

[Event "7th European Individual Senior Champion."]
[Site "Hockenheim, Germany"]
[Date "2007.06.05"]
[Round "4.2"]
[White "Gruzmann, Boris"]
[Black "Jansa, Vlastimil"]
[Result "0-1"]
[WhiteElo "2309"]
[BlackElo "2499"]
[PlyCount "34"]
[EventDate "2007.??.??"]

1. e4 c5 2. Nf3 e6 3. d4 cxd4 4. Nxd4 Nf6 5. Bd3 Nc6 6. Nxc6 bxc6 7. O-O d5 8.
Nd2 Be7 9. b3 O-O 10. Bb2 a5 11. Qe2 a4 12. a3 Bb7 13. Rfe1 c5 14. f4 c4 15.
bxc4 dxe4 16. Nxe4 Bxe4 17. Bxf6 Bc5+ 0-1

[Event "7th European Individual Senior Champion."]
[Site "Hockenheim, Germany"]
[Date "2007.06.05"]
[Round "4.3"]
[White "Klovans, Janis"]
[Black "Werner, Clemens"]
[Result "1-0"]
[WhiteElo "2441"]
[BlackElo "2295"]
[PlyCount "123"]
[EventDate "2007.??.??"]

1. e4 c5 2. Nf3 d6 3. d4 cxd4 4. Nxd4 Nf6 5. Nc3 g6 6. Be3 Bg7 7. f3 O-O 8. Qd2
Nc6 9. Bc4 Bd7 10. O-O-O Rc8 11. Bb3 Ne5 12. h4 h5 13. Kb1 Nc4 14. Bxc4 Rxc4
15. Nb3 a5 16. e5 Ne8 17. Nd5 Bf5 18. Nd4 Bxe5 19. Nxf5 gxf5 20. Qd3 Rc6 21.
Qxf5 e6 22. Bg5 Ng7 23. Qxe5 dxe5 24. Bxd8 exd5 25. Rxd5 b6 26. Bg5 f6 27. Be3
Rfc8 28. c3 a4 29. a3 Nf5 30. Bf2 Kf7 31. Rb5 Nd6 32. Rb4 b5 33. g4 Rg8 34. Rg1
Ke6 35. gxh5 Rh8 36. f4 e4 37. f5+ Kxf5 38. Bg3 Rg8 39. Rf1+ Ke6 40. Bxd6 Rxd6
41. Rxe4+ Kf7 42. c4 Rb8 43. cxb5 Rxb5 44. Rff4 Rdb6 45. Rb4 Rxb4 46. Rxb4 Ra6
47. Rb7+ Kg8 48. h6 Rc6 49. Rb4 Ra6 50. b3 axb3 51. Kb2 Kh7 52. Kxb3 Kxh6 53.
a4 f5 54. Rc4 Kg6 55. Kb4 Rb6+ 56. Kc5 Rb1 57. a5 Ra1 58. Kb5 Kf6 59. a6 Ke5
60. Ra4 Rb1+ 61. Kc6 Rc1+ 62. Kd7 1-0

[Event "7th European Individual Senior Champion."]
[Site "Hockenheim, Germany"]
[Date "2007.06.05"]
[Round "4.4"]
[White "Murey, Jacob"]
[Black "Fronczek, Heinrich"]
[Result "1-0"]
[WhiteElo "2433"]
[BlackElo "2285"]
[PlyCount "67"]
[EventDate "2007.??.??"]

1. c4 Nf6 2. Nc3 c5 3. Nf3 Nc6 4. d4 cxd4 5. Nxd4 Qb6 6. Nb3 d6 7. Nd5 Nxd5 8.
cxd5 Na5 9. Be3 Qd8 10. Nd2 b6 11. b4 Nb7 12. Bd4 e5 13. Bb2 Be7 14. e4 Bd7 15.
Ba6 Rb8 16. Qe2 O-O 17. Rc1 Bg5 18. O-O Qe8 19. Rc7 Bxd2 20. Qxd2 Nd8 21. Rxa7
b5 22. Qc3 Ne6 23. dxe6 Bxe6 24. Rd1 Rd8 25. a3 f5 26. Qg3 Rf7 27. Rxf7 Bxf7
28. exf5 Bc4 29. Bb7 Qf7 30. Be4 d5 31. Bxe5 Re8 32. Bxd5 Bxd5 33. Rxd5 g6 34. Qd3 1-0

[Event "7th European Individual Senior Champion."]
[Site "Hockenheim, Germany"]
[Date "2007.06.05"]
[Round "4.5"]
[White "Jaenig, Reinhard"]
[Black "Rotstein, Efim"]
[Result "0-1"]
[WhiteElo "2176"]
[BlackElo "2371"]
[PlyCount "102"]
[EventDate "2007.??.??"]

1. e4 c5 2. Nf3 e6 3. d4 cxd4 4. Nxd4 Nf6 5. Nc3 d6 6. Be2 a6 7. a4 Qc7 8. O-O
b6 9. f4 Bb7 10. Bf3 Nbd7 11. Kh1 Rc8 12. g4 h6 13. Nb3 Be7 14. Be3 g5 15. Qe2
gxf4 16. Bxf4 Ne5 17. Bxe5 dxe5 18. Bg2 Rg8 19. h3 Rg6 20. Rf2 Qc4 21. Qxc4
Rxc4 22. Raf1 h5 23. Nd2 Rxc3 24. bxc3 hxg4 25. Re2 Nh5 26. Kh2 gxh3 27. Bf3
Ng3 28. Rg1 Nxe2 29. Rxg6 fxg6 30. Bxe2 Bc5 31. Kxh3 Ke7 32. Bd3 Kf6 33. Kg4
Bf2 34. Nc4 Bc6 35. Nb2 Be1 36. Bxa6 Bxe4 37. Bd3 Bf5+ 38. Kf3 Bxc3 39. Nc4 Bd4
40. Nd6 g5 41. Ne4+ Kg6 42. Nd6 g4+ 43. Kg3 Be3 44. Ne4 Bf4+ 45. Kg2 Kh5 46.
Nd6 Kg5 47. Ne4+ Kh4 48. Nd6 e4 49. Nxe4 g3 50. Kf3 Bg4+ 51. Kg2 Bh3+ 0-1

[Event "7th European Individual Senior Champion."]
[Site "Hockenheim, Germany"]
[Date "2007.06.05"]
[Round "4.6"]
[White "Rashkovsky, Nukhim N"]
[Black "Loktiev, Ivan"]
[Result "1-0"]
[WhiteElo "2496"]
[BlackElo "2350"]
[PlyCount "87"]
[EventDate "2007.??.??"]

1. Nf3 Nf6 2. d4 e6 3. c4 b6 4. Nc3 Bb7 5. Bg5 Be7 6. Qc2 d5 7. Bxf6 Bxf6 8.
cxd5 exd5 9. g3 O-O 10. Bg2 Re8 11. O-O a6 12. Rfd1 Nd7 13. b4 Nf8 14. a4 Qd6
15. Qb3 Rad8 16. b5 a5 17. Rac1 Ng6 18. e3 Be7 19. Ne5 Nxe5 20. dxe5 Qxe5 21.
Bxd5 Bxd5 22. Rxd5 Rxd5 23. Qxd5 Bb4 24. Qxe5 Rxe5 25. Rd1 Kf8 26. Nd5 Bc5 27.
Nxc7 Ke7 28. Nd5+ Ke6 29. Nc3 Bb4 30. Ne2 Bc5 31. Nd4+ Bxd4 32. Rxd4 Rc5 33.
Kg2 Rc2 34. g4 h6 35. h4 g6 36. Kg3 Ke7 37. f4 Rc1 38. f5 gxf5 39. gxf5 Kf6 40.
Kf4 Rh1 41. Rd6+ Ke7 42. Ke5 Rxh4 43. f6+ Ke8 44. Rxb6 1-0

[Event "7th European Individual Senior Champion."]
[Site "Hockenheim, Germany"]
[Date "2007.06.05"]
[Round "4.7"]
[White "Bakhmatov, Eduard"]
[Black "Tseitlin, Mark D"]
[Result "0-1"]
[WhiteElo "2351"]
[BlackElo "2491"]
[PlyCount "58"]
[EventDate "2007.??.??"]

1. e4 c5 2. Nf3 d6 3. d4 cxd4 4. Nxd4 Nf6 5. Nc3 Nc6 6. Bc4 e6 7. Be3 Be7 8.
Qe2 Bd7 9. O-O-O Rc8 10. f3 O-O 11. g4 Nxd4 12. Bxd4 Qa5 13. Bb3 b5 14. e5 dxe5
15. Bxe5 b4 16. Bxf6 Bxf6 17. Ne4 Bg5+ 18. Kb1 Bb5 19. Qf2 Bf4 20. g5 Qc7 21.
c3 bxc3 22. Nxc3 Bc6 23. h4 a5 24. Rhg1 Rfd8 25. Ne2 a4 26. Rxd8+ Rxd8 27. Nxf4
axb3 28. Qe3 Bxf3 29. Qxf3 Qa7 0-1

[Event "7th European Individual Senior Champion."]
[Site "Hockenheim, Germany"]
[Date "2007.06.05"]
[Round "4.8"]
[White "Fradkin, Boris"]
[Black "Kaminik, Aleksandar"]
[Result "1-0"]
[WhiteElo "2465"]
[BlackElo "2314"]
[PlyCount "75"]
[EventDate "2007.??.??"]

1. Nf3 Nf6 2. c4 g6 3. g3 Bg7 4. Bg2 O-O 5. O-O d6 6. Nc3 Nc6 7. d4 a6 8. h3
Rb8 9. e4 Nd7 10. Be3 b5 11. cxb5 axb5 12. Rc1 Na5 13. b3 b4 14. Na4 Ba6 15.
Re1 Bb5 16. Nb2 c5 17. Nd3 Rc8 18. dxc5 Bxd3 19. Qxd3 Nxc5 20. Qe2 Nxe4 21.
Rxc8 Qxc8 22. Bb6 Nc3 23. Qxe7 Nd5 24. Qxd6 Nxb6 25. Qxb6 Qd8 26. Qxb4 Nc6 27.
Qe4 Qb6 28. Bf1 Nd4 29. Nxd4 Bxd4 30. Qf3 Bg7 31. a4 Qc5 32. Bc4 Bd4 33. Kg2
Qc7 34. Rd1 Bc5 35. Rd5 Qe7 36. a5 Ba7 37. a6 Bc5 38. Qd3 1-0

[Event "7th European Individual Senior Champion."]
[Site "Hockenheim, Germany"]
[Date "2007.06.05"]
[Round "4.9"]
[White "Hvenekilde, Jorgen"]
[Black "Gutman, Lev"]
[Result "1-0"]
[WhiteElo "2221"]
[BlackElo "2444"]
[PlyCount "96"]
[EventDate "2007.??.??"]

1. d4 Nf6 2. c4 g6 3. Nc3 Bg7 4. e4 O-O 5. g4 d5 6. cxd5 Bxg4 7. Qb3 c5 8. dxc5
Nbd7 9. Be3 Rc8 10. f3 Nxc5 11. Bxc5 Rxc5 12. fxg4 Nxg4 13. Nf3 Qa5 14. e5 Nxe5
15. Nd2 e6 16. dxe6 b5 17. Be2 Nc6 18. exf7+ Kh8 19. O-O Nd4 20. Qd1 b4 21.
Nce4 Rc2 22. Bd3 Rc7 23. Bc4 Nf5 24. Qe2 Qb6+ 25. Kh1 Re7 26. Rae1 Bxb2 27. Qf3
Qd4 28. Bb3 a5 29. Qf2 a4 30. Qxd4+ Bxd4 31. Bxa4 Rexf7 32. Bb3 Re7 33. Ng5
Rxe1 34. Rxe1 Bc3 35. Re2 h6 36. Ne6 Re8 37. Nf3 g5 38. Ne5 Rc8 39. Rf2 Ne3 40.
Rf8+ Rxf8 41. Nxf8 Kg7 42. Nfd7 h5 43. Nc4 Ng4 44. Nc5 Nf6 45. Ne6+ Kh6 46. Nd6 g4 47. Bc2 h4 48. Nf7+ Kh5 1-0